1098 1272 1841 1073 1028 1199 1346 1729 1935 1674 1886 1690 1181 1149 1402 1100 1690 1291 1164 1868 1947 1315 1673 1909 1120 1965 1664 1689 1517 1814 1453 1419 1288 1674 1075 1644 1608 1315 1003 1889 1806 1130 1507 1315 1657 1942 1042 1253 1071 1783 1468 1167 1387 1355 1706 1515 1096 1981 1464 1627 1424 1230 1930 1798 1410 1147 1007 1954 1797 1785 1553 1013 1944 1252 1290 1528 1449 1181 1242 1379 1560 1531 1842 1961 1793 1141 1044 1995 1149 1395 1126 1154 1681 1954 1315 1576 1860 1442 1591 BCNSPRNW ULIB Ver.6.0+V

เปลี่ยนเป็นภาษาไทย

Change to English
 แสดงรายละเอียดบรรณานุกรม
  กลับหน้าหลัก

Brief Record : Get Marc (ISO 2709) : E-mail record : QR code < ปิดหน้าต่าง
LEADER : 00000nam 2200000uu 4500
001    13399122550
003     ULIB
008    020711s2549 th a 000 0 tha d
020    9743414061
020    9789743414060
090    นว.^bอ111พ
100    อาธา คริสตี้,^eเขียน
245    พยานใบ้./^cอาธา คริสตี้;เขียน,เปี่ยมสุข;แปล
250    พิมพ์ครั้งที่ 1
260    กรุงเทพฯ :^bสร้างสรรค์บุ๊คส์,^c2549
300    334 หน้า
700    เปี่ยมสุข,^eแปล
945    ^p140^l0^i19998
999    ^aทศพร เกษรทอง
รายการนี้ยังไม่มีแท็ก
คุณยังไม่ได้ล็อกอิน คุณสามารถมีกิจกรรมร่วมกับเว็บไซต์ได้ แต่ต้องล็อกอินก่อน ::
  ล็อกอิน

รายการสื่อสารสนเทศ

ลำดับที่ ประเภท เลขเรียก/บาร์โค้ด สถานที่ สถานะ
1. นวนิยาย
นวนิยาย
นว. อ111พ ฉ.1 
  Barcode: 19998
ห้องสมุดวิทยาเขตสวรรค์ประชารักษ์
►นวนิยาย
บนชั้น
  ขอยืม

BibComment


ยังไม่เคยถูกคอมเมนท์

คอมเมนท์ทรัพยากรรายการนี้
  คอมเมนท์: พยานใบ้ อาธา คริส..


 Copyright 2026. Bcnsprnw @Library